[Event "Padova op 8th"]
[Site "Padova"]
[Date "2005.12.13"]
[Round "4"]
[White "Tamburrini, Pierluigi"]
[Black "Milanesi, Erminio"]
[Result "1-0"]
[WhiteElo "1643"]
[BlackElo "1616"]
[PlyCount "91"]
[EventDate "2005.12.10"]
[EventType "swiss"]
[EventRounds "9"]
[EventCountry "ITA"]
[SourceTitle "EXT 2008"]
[Source "ChessBase"]
[SourceDate "2007.11.25"]
[SourceVersion "1"]
[SourceVersionDate "2007.11.25"]
[SourceQuality "1"]

1. e4 g6 2. d4 Nh6 3. Nf3 f6 4. Bc4 e6 5. 0-0 Nf7 6. Nc3 Bg7 7. Re1 0-0 8. Bf4 c6 9. d5 e5 10. Be3 d6 11. h3 c5 12. Qd2 a6 13. a4 b6 14. Ne2 f5 15. Bg5 Qc7 16. exf5 Bxf5 17. Ng3 Qc8 18. Ne4 Bxe4 19. Rxe4 Nxg5 20. Nxg5 Bh6 21. Rh4 Bxg5 22. Qxg5 Qf5 23. Qd2 Nd7 24. Ra3 Qf6 25. Rg4 Qg7 26. Bd3 Nf6 27. Rg5 e4 28. Bc4 Nh5 29. Rxh5 Qxb2 30. Rg3 b5 31. axb5 axb5 32. Bf1 Ra1 33. Rhg5 Rf6 34. Qe2 Qb4 35. Re3 Qb2 36. Rxe4 Qc1 37. h4 Kg7 38. Rg3 Rb1 39. Rb3 Ra1 40. Rxb5 Rf7 41. Re7 g5 42. Rxf7+ Kxf7 43. Qe6+ Kf8 44. Rb8+ Kg7 45. Rb7+ Kf8 46. Qc8# 1-0

[Event "Treviso op-B 27th"]
[Site "Treviso"]
[Date "2003.12.07"]
[Round "2.3"]
[White "Basso, Piergiorgio"]
[Black "Tamburrini, Pierluigi"]
[Result "1-0"]
[WhiteElo "1594"]
[BlackElo "1500"]
[PlyCount "159"]
[EventDate "2003.12.06"]
[EventType "swiss"]
[EventRounds "5"]
[EventCountry "ITA"]
[SourceTitle "EXT 2024"]
[Source "ChessBase"]
[SourceDate "2023.10.10"]
[SourceVersion "1"]
[SourceVersionDate "2023.10.10"]
[SourceQuality "1"]

1. e4 e6 2. d4 d5 3. e5 c5 4. c3 Nc6 5. Nf3 Qb6 6. Bd3 Bd7 7. 0-0 cxd4 8. cxd4 Nxd4 9. Nxd4 Qxd4 10. Nc3 Ne7 11. Re1 a6 12. Bb5 Qxd1 13. Bxd7+ Kxd7 14. Rxd1 Ng6 15. Na4 Nxe5 16. Nb6+ Kc6 17. Nxa8 Bc5 18. h3 Rxa8 19. b3 Nd7 20. Bb2 e5 21. Rac1 Kd6 22. a3 Nf6 23. b4 Bb6 24. Rc2 Ne4 25. Re2 Bxf2+ 26. Rxf2 Nxf2 27. Kxf2 Rc8 28. Rd2 g6 29. g4 f5 30. Kf3 Rc4 31. Re2 d4 32. gxf5 gxf5 33. Rd2 Kd5 34. Re2 e4+ 35. Kf4 d3 36. Rf2 Rc2 37. Ke3 Ke6 38. Rd2 Rc7 39. Rf2 Rf7 40. Rf4 Kd5 41. Bc1 Kc4 42. Bd2 Kb3 43. Kd4 Kxa3 44. Kc5 Kb3 45. Rf2 Kc2 46. Kc4 Rc7+ 47. Kd4 Kd1 48. Ke3 Rf7 49. h4 Kc2 50. Kf4 Kb3 51. Ke3 Kc4 52. Rf1 Kd5 53. Kf4 Ke6 54. Re1 b6 55. Rc1 Kd6 56. Be3 b5 57. Rc5 h6 58. Re5 Rf6 59. Bc5+ Kd7 60. Be3 Kc6 61. h5 Rf7 62. Re6+ Kd5 63. Rxh6 Kc4 64. Rg6 Kxb4 65. h6 Rh7 66. Kxf5 Kc3 67. Rc6+ Kb4 68. Rxa6 Re7 69. Kg6 Kc4 70. h7 Re8 71. Rc6+ Kb3 72. Kf7 Rh8 73. Kg7 Ra8 74. Rb6 d2 75. Bxd2 Ra7+ 76. Kg6 Ra8 77. Be3 Rd8 78. Rc6 b4 79. Kg7 Ka4 80. h8Q 1-0